000 00422nam a2200181Ia 4500
001 4197
005 20260306145738.0
008 260306t2018||||xx |||||||||||||| ||spa||
041 _aESP
082 _a320.01
_bA69
100 _aArendt, Hannah
_eAUT
245 0 _aVerdad y mentira en la política
260 _c2018
300 _a147 páginas :
_c21 cm.
650 _aGEN
654 _aCDE
942 _cLIB
_dJUS
_fJUS
_2ddc
_n
999 _c4197
_d4197